[Event "Niederbayernliga 1516"]
[Site "Bayern"]
[Date "2016.03.13"]
[Round "8.6"]
[White "Rund, Reinhard"]
[Black "Fuchsgruber, Helmut"]
[Result "1-0"]
[WhiteElo "1846"]
[BlackElo "1764"]
[PlyCount "83"]
[EventDate "2015.10.11"]
[EventType "team-tourn"]
[EventRounds "9"]
[EventCountry "GER"]
[SourceTitle "EXT 2023"]
[Source "ChessBase"]
[SourceDate "2022.10.05"]
[SourceVersion "1"]
[SourceVersionDate "2022.10.05"]
[SourceQuality "1"]
[WhiteTeam "Rottal II"]
[BlackTeam "Landau Dingolfing"]
[WhiteTeamCountry "GER"]
[BlackTeamCountry "GER"]

1. d4 Nf6 2. c4 c5 3. d5 b5 4. cxb5 a6 5. bxa6 Bxa6 6. Nc3 d6 7. e4 Bxf1 8. Kxf1 g6 9. Nge2 Bg7 10. g3 Nbd7 11. Kg2 0-0 12. Qc2 Qa5 13. b3 Rfc8 14. Bb2 Rab8 15. Nd1 c4 16. bxc4 Qb4 17. Rc1 Nc5 18. f3 Bh6 19. a3 Qa4 20. Qxa4 Nxa4 21. Rc2 Rb3 22. Nd4 Rd3 23. Nc6 Rc7 24. Nxe7+ Rxe7 25. Bxf6 Rb7 26. f4 Rxa3 27. Nc3 Nc5 28. Nb5 Ra6 29. e5 dxe5 30. Bxe5 Bf8 31. Rd1 f5 32. d6 Kf7 33. Rd5 Rc6 34. Ra2 Nd7 35. Rc2 Nb6 36. Rd4 Ke6 37. Nc7+ Kd7 38. c5 Nc8 39. Rdd2 Ra7 40. Nd5 Ra5 41. Nf6+ Kd8 42. Nxh7 1-0

[Event "Niederbayernliga 1415"]
[Site "Bayern"]
[Date "2014.11.09"]
[Round "2.6"]
[White "Stark, Bernhard"]
[Black "Rund, Reinhard"]
[Result "0-1"]
[WhiteElo "1873"]
[BlackElo "1797"]
[PlyCount "80"]
[EventDate "2014.10.19"]
[EventType "team-tourn"]
[EventRounds "9"]
[EventCountry "GER"]
[SourceTitle "EXT 2023"]
[Source "ChessBase"]
[SourceDate "2022.10.05"]
[SourceVersion "1"]
[SourceVersionDate "2022.10.05"]
[SourceQuality "1"]
[WhiteTeam "Passau II"]
[BlackTeam "Rottal II"]
[WhiteTeamCountry "GER"]
[BlackTeamCountry "GER"]

1. d4 Nf6 2. c4 g6 3. Nc3 Bg7 4. e4 d6 5. Nf3 0-0 6. Be2 Nc6 7. 0-0 e5 8. d5 Ne7 9. Ne1 Nd7 10. Be3 f5 11. f3 h6 12. b4 g5 13. c5 Nf6 14. g4 fxg4 15. fxg4 Ng6 16. Nd3 Qd7 17. Nf2 Nf4 18. Bb5 Qe7 19. Be2 a5 20. cxd6 cxd6 21. b5 Bd7 22. Rc1 Rac8 23. Qd2 Qe8 24. Bb6 a4 25. Ba5 h5 26. h3 Qg6 27. Bb4 hxg4 28. hxg4 Kf7 29. Bxd6 Rh8 30. Bxe5 N6xd5 31. Bxg7 Qxg7 32. Nxd5 Qh6 33. Rfd1 Qh2+ 34. Kf1 Qg2+ 35. Ke1 Qg1+ 36. Bf1 Ng2+ 37. Ke2 Bxb5+ 38. Nd3 Rh2 39. Rxc8 Nf4+ 40. Ke1 Nxd3+ 0-1

[Event "Niederbayernliga 1213"]
[Site "Bayern"]
[Date "2013.??.??"]
[Round "7"]
[White "Rund, Reinhard"]
[Black "Gabler, Eric"]
[Result "1/2-1/2"]
[WhiteElo "1797"]
[BlackElo "1753"]
[PlyCount "60"]
[EventDate "2012.10.14"]
[EventType "team-tourn"]
[EventRounds "9"]
[EventCountry "GER"]
[SourceTitle "EXT 2023"]
[Source "ChessBase"]
[SourceDate "2022.10.05"]
[SourceVersion "1"]
[SourceVersionDate "2022.10.05"]
[SourceQuality "1"]
[WhiteTeam "Rottal II"]
[BlackTeam "Geiselhoering"]
[WhiteTeamCountry "GER"]
[BlackTeamCountry "GER"]

1. d4 d5 2. c4 e6 3. Nc3 Nf6 4. Nf3 Be7 5. e3 b6 6. Be2 Bb7 7. 0-0 0-0 8. b3 Nbd7 9. Bb2 c5 10. Qd2 Rc8 11. Rfd1 dxc4 12. Bxc4 cxd4 13. Nxd4 Bb4 14. a3 Ne4 15. Qd3 Nxc3 16. Bxc3 Bxc3 17. Qxc3 Qf6 18. Qe1 Ne5 19. Be2 Rfd8 20. Nb5 Qg6 21. Qf1 Nc6 22. Bf3 Rxd1 23. Qxd1 Rd8 24. Qc1 Qd3 25. Nxa7 Nxa7 26. Bxb7 Qxb3 27. h3 Nb5 28. Rb1 Qxa3 29. Qxa3 Nxa3 30. Rxb6 Nc4 1/2-1/2

[Event "Niederbayernliga 1314"]
[Site "Bayern"]
[Date "2013.??.??"]
[Round "2"]
[White "Rund, Reinhard"]
[Black "Hartl, Konstantin"]
[Result "1-0"]
[WhiteElo "1797"]
[BlackElo "1069"]
[PlyCount "111"]
[EventDate "2013.10.13"]
[EventType "team-tourn"]
[EventRounds "9"]
[EventCountry "GER"]
[SourceTitle "EXT 2023"]
[Source "ChessBase"]
[SourceDate "2022.10.05"]
[SourceVersion "1"]
[SourceVersionDate "2022.10.05"]
[SourceQuality "1"]
[WhiteTeam "Rottal II"]
[BlackTeam "Grafenau"]
[WhiteTeamCountry "GER"]
[BlackTeamCountry "GER"]

1. d4 d5 2. c4 e6 3. Nc3 Nf6 4. Nf3 c5 5. e3 Nc6 6. Bd3 Bd6 7. 0-0 0-0 8. b3 b6 9. Bb2 Ba6 10. cxd5 Bxd3 11. Qxd3 exd5 12. Rfd1 Nb4 13. Qd2 Qd7 14. a3 Nc6 15. dxc5 Bxc5 16. Nxd5 Nxd5 17. Qxd5 Qxd5 18. Rxd5 Rfd8 19. Rad1 Rxd5 20. Rxd5 h6 21. b4 Be7 22. Rd7 Bf8 23. Kf1 Rd8 24. Rxd8 Nxd8 25. Ke2 Bd6 26. Be5 Bxe5 27. Nxe5 f6 28. Nc4 Kf7 29. Nd6+ Ke6 30. Nc8 Nc6 31. b5 Kd7 32. Nxb6+ axb6 33. bxc6+ Kxc6 34. Kd3 Kb5 35. Kc3 Ka4 36. Kb2 b5 37. h4 b4 38. axb4 Kxb4 39. Kc2 Kc5 40. Kd3 Kd5 41. f4 Ke6 42. Ke4 f5+ 43. Kf3 Kf6 44. g4 Kg6 45. e4 fxe4+ 46. Kxe4 h5 47. f5+ Kh6 48. g5+ Kh7 49. f6 gxf6 50. gxf6 Kg6 51. Ke5 Kf7 52. Kf5 Kg8 53. Kg6 Kf8 54. f7 Ke7 55. Kg7 Ke6 56. f8Q 1-0

[Event "Niederbayernliga 1213"]
[Site "Bayern"]
[Date "2012.10.14"]
[Round "1.5"]
[White "Rund, Reinhard"]
[Black "Klinge, Andreas"]
[Result "1/2-1/2"]
[WhiteElo "1797"]
[BlackElo "1734"]
[PlyCount "70"]
[EventDate "2012.10.14"]
[EventType "team-tourn"]
[EventRounds "9"]
[EventCountry "GER"]
[SourceTitle "EXT 2023"]
[Source "ChessBase"]
[SourceDate "2022.10.05"]
[SourceVersion "1"]
[SourceVersionDate "2022.10.05"]
[SourceQuality "1"]
[WhiteTeam "Rottal II"]
[BlackTeam "Rottal III"]
[WhiteTeamCountry "GER"]
[BlackTeamCountry "GER"]

1. d4 d5 2. c4 c6 3. Nf3 e6 4. e3 f5 5. Bd3 Nf6 6. 0-0 Be7 7. Nc3 0-0 8. b3 Qe8 9. Bb2 b6 10. Qc2 Bb7 11. cxd5 cxd5 12. Nb5 Na6 13. Nc7 Nxc7 14. Qxc7 Bc8 15. Rac1 Ne4 16. Ne5 Bd6 17. Qc6 Qxc6 18. Nxc6 Bb7 19. Rc2 a6 20. Rfc1 Nf6 21. f3 Rfe8 22. h3 h5 23. Ne5 Rac8 24. Kf2 g5 25. a4 Rxc2+ 26. Rxc2 Rc8 27. Rxc8+ Bxc8 28. Bc3 Bb7 29. b4 Bxe5 30. dxe5 Nd7 31. f4 g4 32. Kg3 Kf7 33. Kh4 Kg6 34. Bd4 Bc8 35. b5 a5 1/2-1/2

[Event "Niederbayernliga 0809"]
[Site "Germany"]
[Date "2009.03.29"]
[Round "9.1"]
[White "Huwa, Walter"]
[Black "Rund, Reinhard"]
[Result "1/2-1/2"]
[WhiteElo "2125"]
[BlackElo "1876"]
[PlyCount "36"]
[EventDate "2008.10.05"]
[EventType "team-tourn"]
[EventRounds "9"]
[EventCountry "GER"]
[SourceTitle "EXT 2010"]
[Source "ChessBase"]
[SourceDate "2010.11.25"]
[SourceVersion "1"]
[SourceVersionDate "2010.11.25"]
[SourceQuality "1"]
[WhiteTeam "Straubing"]
[BlackTeam "Rottal II"]
[WhiteTeamCountry "GER"]
[BlackTeamCountry "GER"]

1. e4 c5 2. Nf3 d6 3. d4 cxd4 4. Nxd4 Nf6 5. Nc3 a6 6. f3 e6 7. Be3 Be7 8. Qd2 b5 9. g4 Bb7 10. 0-0-0 Nc6 11. Nxc6 Bxc6 12. Bd3 0-0 13. g5 Nd7 14. f4 Nc5 15. Qg2 Qc7 16. Ne2 Rfc8 17. Ng3 d5 18. Kb1 dxe4 1/2-1/2

[Event "Niederbayernliga 0809"]
[Site "Germany"]
[Date "2009.02.01"]
[Round "6.3"]
[White "Rund, Reinhard"]
[Black "Wolf, Andreas"]
[Result "0-1"]
[WhiteElo "1876"]
[BlackElo "1908"]
[PlyCount "134"]
[EventDate "2008.10.05"]
[EventType "team-tourn"]
[EventRounds "9"]
[EventCountry "GER"]
[SourceTitle "EXT 2010"]
[Source "ChessBase"]
[SourceDate "2010.11.25"]
[SourceVersion "1"]
[SourceVersionDate "2010.11.25"]
[SourceQuality "1"]
[WhiteTeam "Rottal II"]
[BlackTeam "Grafenau"]
[WhiteTeamCountry "GER"]
[BlackTeamCountry "GER"]

1. d4 f5 2. e4 fxe4 3. Nc3 Nf6 4. Bg5 Nc6 5. f3 d5 6. Bb5 Bf5 7. Bxf6 exf6 8. fxe4 Bxe4 9. Nxe4 dxe4 10. d5 a6 11. Ba4 b5 12. Bb3 Ne5 13. Qe2 f5 14. 0-0-0 Bd6 15. Nh3 0-0 16. Rhf1 Rb8 17. Nf4 Qg5 18. Kb1 Qg4 19. Qf2 Nc4 20. Bxc4 Qxf4 21. Qxf4 Bxf4 22. Bb3 Bd6 23. g3 a5 24. c3 g5 25. Bc2 Rbe8 26. Rde1 Re5 27. g4 fxg4 28. Rxf8+ Kxf8 29. Bxe4 Kg7 30. Kc2 h5 31. Kd3 Re7 32. Re2 g3 33. h3 Bc5 34. Bf3 Rxe2 35. Kxe2 g4 36. hxg4 hxg4 37. Bg2 Kf6 38. b3 Ke5 39. Kd3 Kf4 40. Ke2 Ba3 41. Kd2 Bb2 42. c4 bxc4 43. bxc4 Bd4 44. Ke2 Bc5 45. Kd2 Ba3 46. Kd3 Ke5 47. Ke3 Bc1+ 48. Kd3 Kd6 49. Kc3 Kc5 50. Kc2 Bf4 51. Kd3 Bd6 52. Bf1 Kb4 53. Kc2 Bc5 54. Kb2 Bd4+ 55. Kc2 Be5 56. Kc1 Kc3 57. Kd1 Bd6 58. Kc1 Ba3+ 59. Kd1 Kb2 60. Kd2 Bc5 61. Bg2 a4 62. Be4 Bb4+ 63. Kd3 Kxa2 64. Kc2 Bd6 65. Kc3 Ka3 66. Bg2 Be5+ 67. Kd3 Kb4 0-1

[Event "Landesliga Sued 0809"]
[Site "Bayern"]
[Date "2009.01.18"]
[Round "5.7"]
[White "Spiess, Martin"]
[Black "Rund, Reinhard"]
[Result "1-0"]
[WhiteElo "2103"]
[BlackElo "1883"]
[PlyCount "75"]
[EventDate "2008.10.05"]
[EventType "team-tourn"]
[EventRounds "9"]
[EventCountry "GER"]
[SourceTitle "EXT 2020"]
[Source "ChessBase"]
[SourceDate "2019.10.17"]
[SourceVersion "1"]
[SourceVersionDate "2019.10.17"]
[SourceQuality "1"]
[WhiteTeam "Ingolstadt"]
[BlackTeam "Rottal"]
[WhiteTeamCountry "GER"]
[BlackTeamCountry "GER"]

1. e4 c5 2. Nf3 d6 3. d4 cxd4 4. Nxd4 Nf6 5. Nc3 a6 6. f3 e6 7. Be3 Be7 8. Qd2 Qc7 9. 0-0-0 0-0 10. g4 b5 11. g5 Nfd7 12. h4 Bb7 13. Kb1 Nc6 14. Nxc6 Bxc6 15. h5 Ne5 16. f4 Nc4 17. Bxc4 bxc4 18. h6 g6 19. Qd4 e5 20. Qxc4 Qb7 21. Nd5 Bd8 22. Rh2 Rb8 23. b3 a5 24. Bc1 a4 25. Rf2 Ba5 26. Qxc6 axb3 27. cxb3 Rfc8 28. Qxb7 Rxb7 29. Rc2 Rcb8 30. Nf6+ Kh8 31. Rxd6 exf4 32. Bxf4 Bc7 33. Rd7 Bxf4 34. Rxb7 Rd8 35. Rd7 Rf8 36. Rxf7 Rxf7 37. Rc8+ Rf8 38. Rxf8# 1-0

[Event "Niederbayernliga 0809"]
[Site "Germany"]
[Date "2008.11.30"]
[Round "3.2"]
[White "Theiss, Johann"]
[Black "Rund, Reinhard"]
[Result "1/2-1/2"]
[WhiteElo "1965"]
[BlackElo "1876"]
[PlyCount "63"]
[EventDate "2008.10.05"]
[EventType "team-tourn"]
[EventRounds "9"]
[EventCountry "GER"]
[SourceTitle "EXT 2010"]
[Source "ChessBase"]
[SourceDate "2010.11.25"]
[SourceVersion "1"]
[SourceVersionDate "2010.11.25"]
[SourceQuality "1"]
[WhiteTeam "Adlkofen"]
[BlackTeam "Rottal II"]
[WhiteTeamCountry "GER"]
[BlackTeamCountry "GER"]

1. d4 Nf6 2. c4 g6 3. Nc3 Bg7 4. e4 d6 5. g3 0-0 6. Bg2 Nc6 7. Nge2 e5 8. d5 Ne7 9. 0-0 Nd7 10. Be3 f5 11. f3 a5 12. Qd2 Nf6 13. h3 Bd7 14. c5 Nc8 15. Kh2 Rf7 16. f4 Nxe4 17. Nxe4 fxe4 18. fxe5 Bxe5 19. Rxf7 Kxf7 20. Nd4 Ne7 21. cxd6 cxd6 22. Bxe4 Qh8 23. Rf1+ Kg8 24. Ne6 Bxg3+ 25. Kg2 Qe5 26. Qd3 Bb5 27. Qxb5 Qxe4+ 28. Kxg3 Qxe3+ 29. Kg2 Qd2+ 30. Kg1 Qe3+ 31. Kg2 Qe4+ 32. Kg1 1/2-1/2

[Event "Niederbayern-ch MK 48th"]
[Site "Ortenburg"]
[Date "2007.??.??"]
[Round "1"]
[White "Rund, Reinhard"]
[Black "Seidl, Josef"]
[Result "1-0"]
[WhiteElo "1757"]
[BlackElo "1182"]
[PlyCount "67"]
[EventDate "2007.??.??"]
[EventType "swiss"]
[EventRounds "9"]
[EventCountry "GER"]
[SourceTitle "EXT 2010"]
[Source "ChessBase"]
[SourceDate "2010.11.25"]
[SourceVersion "1"]
[SourceVersionDate "2010.11.25"]
[SourceQuality "1"]

1. d4 e6 2. c4 c5 3. d5 d6 4. e4 e5 5. f4 Nf6 6. Nc3 Bg4 7. Qc2 Bh5 8. g3 Be7 9. Bg2 exf4 10. Bxf4 Bg6 11. Nge2 Ng4 12. 0-0 Bg5 13. Qa4+ Nd7 14. Bh3 f5 15. exf5 Ne3 16. fxg6 h6 17. Bxg5 hxg5 18. Bxd7+ Qxd7 19. Qxd7+ Kxd7 20. Rf7+ Ke8 21. Re1 Ng4 22. Nd4+ Ne5 23. Nf5 Kd8 24. Rxg7 Nf3+ 25. Kf2 Nxe1 26. Kxe1 Re8+ 27. Kf2 Rf8 28. g4 Rc8 29. Nb5 a6 30. Nbxd6 b5 31. Nxc8 Kxc8 32. Rf7 Rh8 33. g7 Rxh2+ 34. Kg3 1-0

[Event "Niederbayern-ch MK 48th"]
[Site "Ortenburg"]
[Date "2007.??.??"]
[Round "5"]
[White "Rund, Reinhard"]
[Black "Stadler, Alexander"]
[Result "1-0"]
[WhiteElo "1757"]
[BlackElo "1502"]
[PlyCount "107"]
[EventDate "2007.??.??"]
[EventType "swiss"]
[EventRounds "9"]
[EventCountry "GER"]
[SourceTitle "EXT 2010"]
[Source "ChessBase"]
[SourceDate "2010.11.25"]
[SourceVersion "1"]
[SourceVersionDate "2010.11.25"]
[SourceQuality "1"]

1. d4 Nf6 2. c4 e6 3. e3 b6 4. Nf3 Bb7 5. Be2 Bb4+ 6. Nbd2 Ne4 7. 0-0 Nxd2 8. Nxd2 0-0 9. a3 Be7 10. b3 d5 11. Bb2 dxc4 12. Nxc4 c5 13. dxc5 Bxc5 14. b4 Be7 15. Ne5 Bf6 16. Qc2 Bxe5 17. Bxe5 Qg5 18. Bg3 Na6 19. Rac1 f5 20. Qa4 Nb8 21. Rc7 Bd5 22. Qc2 Qd8 23. Rd1 Nd7 24. Bf3 Rc8 25. Bxd5 exd5 26. Rxd5 Rxc7 27. Qxc7 Qxc7 28. Bxc7 Nf6 29. Rd1 Rc8 30. Be5 Rc2 31. h3 Kf7 32. Bb8 a5 33. Rd6 axb4 34. axb4 Rc1+ 35. Kh2 Rc2 36. Rxb6 Rxf2 37. b5 Re2 38. Ba7 Nd5 39. Rb7+ Kg6 40. Bd4 Nxe3 41. Rxg7+ Kh6 42. Rg8 Nd5 43. b6 Nxb6 44. Bxb6 Re4 45. Kg3 Kh5 46. Bc7 h6 47. Bf4 Re7 48. Rd8 Rb7 49. Rd6 Rb6 50. Rxh6+ Rxh6 51. Bxh6 Kxh6 52. Kf4 Kg6 53. h4 Kh5 54. Kxf5 1-0